| 000 | 00390nam a22001697a 4500 | ||
|---|---|---|---|
| 005 | 20231024185434.0 | ||
| 008 | 231024b |||||||| |||| 00| 0 eng d | ||
| 082 |
_a362.104 _bALA-E |
||
| 100 | _aNaveed Alam | ||
| 245 | _aExcel Community Medicine | ||
| 260 |
_aPakistan _c2015 |
||
| 300 | _a457 | ||
| 500 | _aInclude Index | ||
| 650 | _aMedical | ||
| 700 | _aNaveed Alam | ||
| 999 |
_c34628 _d34628 |
||